Name Netflix Movies by pictures #3 - Statistics

General Stats
  • This quiz has been taken 154 times
  • The average score is 5 of 12
Answer Stats
Picture Answer % Correct
IT
95%
Jaws
89%
Twilight
87%
ted
85%
Jumanji
83%
The Platform
29%
Countdown
25%
Time Cut
11%
Killer Book Club
4%
Tin & Tina
4%
Cobweb
3%
Choose or Die
2%
No matching quizzes found
Score Distribution
Percent of People with Each Score
Percentile by Number Answered
Your Score History
You have not taken this quiz